Famous Faces Quiz Stats

 Plays Quiz Updated Apr 3, 2013

     
Support Sporcle.
Go Orange.
Score 0/29 Timer 02:00
18 Plays Today
Name % Correct
Superman
92.2%
Tiger Woods
90.1%
Oprah Winfrey
85.2%
JFK
84.1%
Lisa Simpson
83.1%
Miss Piggy
82.8%
Charlie Brown
78.9%
Bono
77.9%
Jay Leno
77.4%
John Travolta
75.3%
Chris Rock
74.2%
John Lennon
72.4%
Judy Garland
71.5%
Stevie Wonder
67.1%
Jerry Seinfeld
66.7%
Name % Correct
Hugh Hefner
61.2%
Diddy
60.3%
Michael J Fox
59.9%
David Hasselhoff
54.1%
Audrey Hepburn
53.4%
Al Pacino
51.9%
Frank Sinatra
48.5%
Charlie Chaplin
48.2%
William Shatner
45.8%
Howard Stern
44.2%
Bob Dylan
39.7%
Richard Branson
36.7%
James Gandolfini
28.1%
Sigmund Freud
23.3%

From the Vault

Sporcle Minesweeper III

by PatentExaminer

A few of you might get a dose of Windows 95 nostalgia.
Remove Ads.
Support Sporcle.
Get the best of Sporcle when you Go Orange. This ad-free experience offers more features, more stats, and more fun while also helping to support Sporcle. Thank you for becoming a member.

Show Comments

Extras

Top Quizzes Today


Score Distribution

Your Account Isn't Verified!

In order to create a playlist on Sporcle, you need to verify the email address you used during registration. Go to your Sporcle Settings to finish the process.

Report this User

Report this user for behavior that violates our Community Guidelines.

Details: